000
00275nam a22001217a 4500
008
170601b xxu||||| |||| 00| 0 eng d
041
_a
eng
080
_a
94
100
_a
17
101
_a
SHH
245
_a
THE STRUGGLE FOR MASTERY IN EUROPE
_c
TAYLOR.B
942
_2
udc
_c
BK
999
_c
15343
_d
15343